Statistiques concernant 3 mêmes lettres pour 3 mots différents

Cliquez ici pour prendre le quiz!

Statistiques générales

  • Ce quiz a été pris 83 fois
  • Le résultat moyen est 4 sur 15

Statistiques - réponses

Groupe de 3 motsRéponse% Correct
min - val - vreche
82%
pon - pie - enghar
59%
ris - che - pirsou
38%
oud - num - dotbar
32%
gre - cer - eaupin
31%
tre - mac - pontar
31%
don - cin - senlar
27%
che - mis - ronper
24%
eau - ave - trebat
22%
con - let - isebal
19%
che - ter - bledou
18%
ham - ect - igédir
16%
age - eur - oirtir
14%
ran - eau - rercad
9%
rer - ide - retliv
3%

Distribution des résultats

Percentile par nombre de réponses

% des personnes avec chaque résultat

Votre développement - résultats

Vous n’avez pas pris ce quiz